Škálovateľný frontend pre systém na zdieľanie poznatkov
Saved in:
| Main Author: | |
|---|---|
| Other Authors: | |
| Format: | Manuscript Book |
| Language: | Slovak |
| Published: |
Bratislava :
STU v Bratislave FEI,
2023
|
| Subjects: | |
| Online Access: | https://opac.crzp.sk/?fn=detailBiblioFormChildWKCEE&sid=C0DEB8E07572332BA32A0E15805F&seo=CRZP-detail-kniha |
| Tags: |
No Tags, Be the first to tag this record!
|
MARC
| LEADER | 00000ntm a22000003a 4500 | ||
|---|---|---|---|
| 001 | stuzp91936 | ||
| 003 | SK-STU | ||
| 005 | 20241212135643.6 | ||
| 007 | ta | ||
| 008 | 150427s2015----xo-----f-mn---000-0-slo-d | ||
| 040 | |a STU |b slo | ||
| 041 | 0 | |a slo | |
| 044 | |a xo | ||
| 100 | 1 | |a Kadúch, Filip |u 035000 |4 aut |U FEI Fakulta elektrotechniky a informatiky |T FEI Ústav informatiky a matematiky |X 98781 |U E050 |Y 816 |7 98781 | |
| 242 | 0 | 1 | |a Scalable frontend for a knowledge sharing system |y eng |
| 245 | 1 | 0 | |a Škálovateľný frontend pre systém na zdieľanie poznatkov |
| 260 | |a Bratislava : |b STU v Bratislave FEI, |c 2023 | ||
| 300 | |a 90 s. | ||
| 650 | 4 | |a Vue.js |2 slo | |
| 650 | 4 | |a TypeScript |2 slo | |
| 650 | 4 | |a škálovateľnosť |2 slo | |
| 650 | 4 | |a frontend |2 slo | |
| 650 | 4 | |a frontend |2 eng | |
| 650 | 4 | |a Vue.js |2 eng | |
| 650 | 4 | |a TypeScript |2 eng | |
| 650 | 4 | |a scalable |2 eng | |
| 700 | 1 | |a Balogh, Štefan |u 035000 |k Z1 |4 ths |U FEI Fakulta elektrotechniky a informatiky |T FEI Ústav informatiky a matematiky |X 30190 |U E050 |Y 816 |7 A000030190 | |
| 856 | 4 | |u https://opac.crzp.sk/?fn=detailBiblioFormChildWKCEE&sid=C0DEB8E07572332BA32A0E15805F&seo=CRZP-detail-kniha | |